[Event "Tamil Nadu IM 8th"]
[Site "Chennai"]
[Date "2023.12.08"]
[Round "9"]
[White "Prasannaa, S."]
[Black "Nandhidhaa, PV."]
[Result "1/2-1/2"]
[WhiteElo "2167"]
[BlackElo "2319"]
[PlyCount "61"]
[EventDate "2023.12.03"]
[EventType "tourn"]
[EventRounds "9"]
[EventCountry "IND"]
[EventCategory "1"]
[SourceTitle "CB50_2023"]
[SourceDate "2023.12.13"]
[SourceVersion "1"]
[SourceVersionDate "2023.12.13"]
[SourceQuality "1"]

1. e4 d6 2. d4 Nf6 3. Nc3 e5 4. Nf3 Nbd7 5. Bc4 Be7 6. 0-0 0-0 7. Re1 c6 8. a4 h6 9. b3 Re8 10. Ba3 exd4 11. Nxd4 Bf8 12. Qd2 Nc5 13. f3 d5 14. exd5 Rxe1+ 15. Qxe1 cxd5 16. Bf1 Ne6 17. Nxe6 Bxe6 18. Bxf8 Qxf8 19. Nb5 Bf5 20. Qf2 a6 21. Nd4 Bg6 22. Rd1 Rc8 23. Bd3 Bxd3 24. Rxd3 Qc5 25. Rd2 Re8 26. g3 Re5 27. Kg2 g6 28. Ne2 Qe7 29. Nd4 Qc5 30. Ne2 Qe7 31. Nd4 1/2-1/2

[Event "Tamil Nadu IM 8th"]
[Site "Chennai"]
[Date "2023.12.05"]
[Round "5"]
[White "Rohit, S3."]
[Black "Nandhidhaa, PV."]
[Result "1-0"]
[WhiteElo "2212"]
[BlackElo "2319"]
[PlyCount "53"]
[EventDate "2023.12.03"]
[EventType "tourn"]
[EventRounds "9"]
[EventCountry "IND"]
[EventCategory "1"]
[SourceTitle "CB50_2023"]
[SourceDate "2023.12.13"]
[SourceVersion "1"]
[SourceVersionDate "2023.12.13"]
[SourceQuality "1"]

1. e4 e6 2. d4 d5 3. Nc3 Nf6 4. Bg5 dxe4 5. Nxe4 Be7 6. Bxf6 gxf6 7. Nf3 f5 8. Nc3 a6 9. g3 b5 10. Bg2 Bb7 11. 0-0 0-0 12. Qc1 b4 13. Ne2 Nd7 14. Rd1 Nf6 15. c4 bxc3 16. bxc3 Ne4 17. Rb1 Bc6 18. Ne5 Ba4 19. Re1 c5 20. Nf4 cxd4 21. Bxe4 fxe4 22. Rxe4 Rc8 23. Nxe6 fxe6 24. Qh6 Bg5 25. Rg4 Qf6 26. Rxg5+ Kh8 27. Ng6+ 1-0

[Event "Budapest SixDays 09 GM-A"]
[Site "Budapest"]
[Date "2023.09.20"]
[Round "5"]
[White "Gaal, Zsoka"]
[Black "Nandhidhaa, PV."]
[Result "1-0"]
[WhiteElo "2308"]
[BlackElo "2316"]
[PlyCount "77"]
[EventDate "2023.09.18"]
[EventType "tourn"]
[EventRounds "9"]
[EventCountry "HUN"]
[EventCategory "7"]
[SourceTitle "EXT 2024"]
[Source "ChessBase"]
[SourceDate "2023.10.10"]
[SourceVersion "1"]
[SourceVersionDate "2023.10.10"]
[SourceQuality "1"]

1. d4 Nf6 2. c4 g6 3. Nc3 Bg7 4. e4 d6 5. Be2 0-0 6. Be3 e5 7. d5 a5 8. g4 c6 9. g5 Ne8 10. h4 Nc7 11. Qd2 cxd5 12. cxd5 Nd7 13. h5 Na6 14. f3 Qe7 15. Nh3 Ndc5 16. Nf2 Rb8 17. Nb5 b6 18. 0-0-0 Rb7 19. Kb1 Nc7 20. Rh4 Bd7 21. Na3 Ne8 22. Rg1 b5 23. Nd3 Nxd3 24. Bxd3 f5 25. gxf6 Qxf6 26. Rh2 Nc7 27. hxg6 hxg6 28. Bh6 Be8 29. Bxg7 Qxg7 30. Nc2 Rxf3 31. Ne3 Rf4 32. Rgh1 b4 33. Rh6 Bf7 34. Nc4 b3 35. Nxd6 bxa2+ 36. Ka1 Rb6 37. Qh2 Kf8 38. Rh7 Rxd6 39. Rxg7 1-0

[Event "Fagernes op-A"]
[Site "Fagernes"]
[Date "2023.04.07"]
[Round "7"]
[White "Seo, Jung Min"]
[Black "Nandhidhaa, PV."]
[Result "1/2-1/2"]
[WhiteElo "2500"]
[BlackElo "2362"]
[PlyCount "126"]
[EventDate "2023.04.02"]
[EventType "swiss"]
[EventRounds "9"]
[EventCountry "NOR"]
[SourceTitle "CBM 213 Extra"]
[Source "ChessBase"]
[SourceDate "2023.05.31"]
[SourceVersion "1"]
[SourceVersionDate "2023.05.31"]
[SourceQuality "1"]

1. d4 Nf6 2. c4 g6 3. Nc3 Bg7 4. e4 d6 5. Be2 0-0 6. Be3 Nc6 7. d5 Ne5 8. f4 Neg4 9. Bd2 Nh6 10. h3 e6 11. dxe6 fxe6 12. g4 b5 13. cxb5 Bb7 14. Qc2 d5 15. 0-0-0 dxe4 16. Bc4 Nd5 17. Nge2 a6 18. Qxe4 Nf7 19. bxa6 Nxc3 20. Qxb7 Nxd1 21. Rxd1 Nd6 22. Qc6 Nxc4 23. Qxe6+ Kh8 24. Qxc4 Qe7 25. Bc3 Qe3+ 26. Kb1 Bxc3 27. Nxc3 Qxf4 28. Qc6 Qf6 29. Qxc7 Rxa6 30. a3 Rc6 31. Qa7 Rb6 32. Qc7 Rc6 33. Qh2 Re8 34. Qg3 Rb6 35. Qd3 Reb8 36. b4 Rc6 37. Ne4 Qe5 38. Qd4 Re8 39. h4 Rce6 40. Nc3 Qxd4 41. Rxd4 Rc8 42. Kb2 Rec6 43. Nd5 h5 44. gxh5 gxh5 45. a4 Rg6 46. a5 Rg4 47. Rxg4 hxg4 48. Kb3 g3 49. Ne3 Ra8 50. Ng2 Kh7 51. Ka4 Rf8 52. a6 Rf2 53. Kb3 Rf3+ 54. Kc4 Ra3 55. b5 Ra2 56. Kb3 Ra5 57. Kb4 Ra2 58. Ne3 Kg6 59. Kc5 Ra3 60. Ng2 Ra2 61. Ne3 Ra3 62. Ng2 Ra2 63. Ne3 Ra3 1/2-1/2

[Event "Rilton Cup 50th"]
[Site "Stockholm"]
[Date "2022.12.28"]
[Round "2"]
[White "Wadsworth, Matthew J"]
[Black "Nandhidhaa, PV."]
[Result "1-0"]
[WhiteElo "2470"]
[BlackElo "2358"]
[PlyCount "85"]
[EventDate "2022.12.27"]
[EventType "swiss"]
[EventRounds "9"]
[EventCountry "SWE"]
[SourceTitle "CBM 212 Extra"]
[Source "ChessBase"]
[SourceDate "2023.03.31"]
[SourceVersion "1"]
[SourceVersionDate "2023.03.31"]
[SourceQuality "1"]

1. Nf3 Nf6 2. c4 e6 3. g3 d5 4. Bg2 d4 5. d3 Bb4+ 6. Bd2 a5 7. 0-0 0-0 8. e4 Nc6 9. e5 Nd7 10. Qe2 Be7 11. h4 Nc5 12. Na3 Bd7 13. Nc2 Be8 14. Ng5 h6 15. Ne4 Na6 16. f4 Bd7 17. h5 Nc5 18. g4 Rb8 19. Nxc5 Bxc5 20. g5 Ne7 21. Bxa5 Nf5 22. Bd2 b5 23. cxb5 Bxb5 24. a4 Ng3 25. Qf3 Nxf1 26. Kxf1 Ba6 27. b4 Be7 28. gxh6 gxh6 29. b5 Bb7 30. Qg4+ Kh8 31. Bxb7 Rxb7 32. f5 Qd5 33. Qg2 Qb3 34. Ne1 Rb6 35. f6 Rg8 36. fxe7 Rxg2 37. e8Q+ Rg8 38. Qe7 Qd5 39. Qf6+ Rg7 40. Bxh6 Qh1+ 41. Ke2 Qxh5+ 42. Kd2 Qh2+ 43. Kc1 1-0

[Event "Rilton Cup 50th"]
[Site "Stockholm"]
[Date "2022.12.27"]
[Round "1"]
[White "Nandhidhaa, PV."]
[Black "Mierins, Emils Janis"]
[Result "1-0"]
[WhiteElo "2358"]
[BlackElo "2118"]
[PlyCount "65"]
[EventDate "2022.12.27"]
[EventType "swiss"]
[EventRounds "9"]
[EventCountry "SWE"]
[SourceTitle "CBM 212 Extra"]
[Source "ChessBase"]
[SourceDate "2023.03.31"]
[SourceVersion "1"]
[SourceVersionDate "2023.03.31"]
[SourceQuality "1"]

1. e4 c6 2. d4 d5 3. exd5 cxd5 4. Bd3 Nc6 5. c3 Nf6 6. Bf4 Bg4 7. Qb3 Qd7 8. Nd2 e6 9. Ngf3 Bxf3 10. Nxf3 Bd6 11. Bxd6 Qxd6 12. 0-0 0-0 13. Rfe1 Rab8 14. a4 Nd7 15. Qc2 h6 16. Re3 Rbc8 17. Qe2 Na5 18. Ne5 Nxe5 19. dxe5 Qc7 20. Rg3 Nc4 21. Re1 Kh8 22. Bb1 Qe7 23. Rh3 Qg5 24. b3 Nb6 25. Rh5 Qe7 26. Qd3 g6 27. Rxh6+ Kg7 28. Rxg6+ fxg6 29. Qxg6+ Kh8 30. Qh6+ Kg8 31. Re3 Rf7 32. Rg3+ Rg7 33. Qh7+ 1-0